• 首页
  • 本馆介绍
  • 公告通知
  • 最新文献
  • 馆藏检索
  • 电子资源
  • 读者导购
  • 参考咨询
  • 我的图书馆
  • 登录
  • 详细信息显示
  • 放入我的书架
  • 预约/预借图书
  • 作者相关作品
  • 分类相关作品
  • 丛书相关作品
  • 出版社相关作品

书目信息

  • 表格格式
  • 工作单格式
  • 卡片格式
题名:
汪曾祺作品集
    
 
作者: 汪曾祁 著
分册:   小说卷
出版信息: 北京   现代出版社  2016
页数: 396页
开本: 23cm
丛书名: 现代版作家作品集
单 册:
中图分类: I217.62 , I247.7
科图分类:
主题词: 中国文学--zhong guo wen xue--当代文学--作品集 , 短篇小说--duan pian xiao shuo--小说集--中国--当代
电子资源:
ISBN: 978-7-5143-3025-0
000 00865nam0 22002771 450
001 0119165245
005 20170619165245.0
010    @a978-7-5143-3025-0@dCNY45.00
100    @a20160414d2016 em y0chiy50 ea
101 0  @achi
102    @aCN@b110000
105    @ay z 000ay
106    @ar
200 1  @a汪曾祺作品集@9wang zeng qi zuo pin ji@i小说卷@f汪曾祺著
210    @a北京@c现代出版社@d2016
215    @a396页@d23cm
225 2  @a现代版作家作品集@9xian dai ban zuo jia zuo pin ji
461  0 @12001 @a现代版作家作品集
517 1  @a小说卷@9xiao shuo juan
606 0  @a中国文学@9zhong guo wen xue@x当代文学@x作品集
606 0  @a短篇小说@9duan pian xiao shuo@x小说集@y中国@z当代
690    @aI217.62@v5
690    @aI247.7@v5
701  0 @a汪曾祁@9wang zeng qi@f(1942~)@4著
801  0 @aCN@b百万庄@c20170616
905    @b1010961-6@dI217.62@e792@f6
    
    汪曾祺作品集.小说卷/汪曾祺著.-北京:现代出版社,2016
    396页;23cm.-(现代版作家作品集)
    
    
    ISBN 978-7-5143-3025-0:CNY45.00
    
●
相关链接 在E读中查询图书 在五车中查询图书 在当当中查询图书 在豆瓣中查询图书


正题名:汪曾祺作品集     索取号:I217.62/792         预约/预借

序号 登录号 条形码 馆藏地/架位号 状态 备注
1 1010961   210109611   第一样本阅览室/ [索取号:I217.62/792] 在馆    
2 1010962   210109620   教育系资料室/ [索取号:I217.62/792] 在馆    
3 1010963   210109639   教育系资料室/ [索取号:I217.62/792] 在馆    
4 1010964   210109648   教育系资料室/ [索取号:I217.62/792] 在馆    
5 1010965   210109657   第二借阅区/ [索取号:I217.62/792] 在馆    
6 1010966   210109666   第二借阅区/ [索取号:I217.62/792] 已借出,限还日期为2026.06.01
借出人:回亭旭  
 
唐山师范学院图书馆 欢迎您!
大连网信软件有限公司© 版权所有